Normal view
MARC view
- Sorijini Naidu
Entry Personal Name
001 - CONTROL NUMBER
- control field: 7064
003 - CONTROL NUMBER IDENTIFIER
- control field: OSt
005 - DATE AND TIME OF LATEST TRANSACTION
- control field: 20170523105538.0
008 - FIXED-LENGTH DATA ELEMENTS
- fixed length control field: 170523|| aca||aabn | a|a d
040 ## - CATALOGING SOURCE
- Original cataloging agency: OSt
- Transcribing agency: OSt
100 ## - HEADING--PERSONAL NAME
- Personal name: Sorijini Naidu
670 ## - SOURCE DATA FOUND
- Source citation: Work cat.: (OSt)0: Civil Service Conference [8th : 2003 : Kuala Lumpur] 7061, Managing the National Economy in Challenging Times :, 2004

PORTAL AKMAL
E-MEL JKDM
AKMAL2U
G-BAM
u-PUSTAKA